Či sa bude na Jahodnej ťažiť, rozhodnú ľudia košický urán spojil Smer s opozíciou

Bibliographic Details
Main Author: Rokytka, Roman (Author)
Format: Article
Language:Slovak
PhysicalDescription:Fotogr.
ISSN:1338-659X
Subjects:

MARC

LEADER 00000nab a2200000 a 4500
001 vtls010601187
003 SK-MaSNL
005 20260304024511.0
008 140605c20140604xo drz 0 0slo
038 |a KEVKJB 
040 |a KEVKJB  |b slo  |c KEVKJB  |e AACR2 
041 0 |a slo 
044 |a xo  |c SK 
080 |a 553.495  |2 2001 
080 |a 546.791  |2 2001 
100 1 |a Rokytka, Roman  |4 aut  |9 270668 
245 1 0 |a Či sa bude na Jahodnej ťažiť, rozhodnú ľudia  |b košický urán spojil Smer s opozíciou  |c Roman Rokytka 
300 |b Fotogr. 
650 0 7 |a urán  |2 SNKPH  |9 240209 
650 0 7 |a ložiská uránu  |2 SNKPH  |9 240210 
651 7 |a Jahodná (Košice, Slovensko)  |2 SNKPHgeo  |9 163347 
651 7 |a Kurišková (Jahodná, Košice, Slovensko : ložisko uránu)  |2 SNKPHgeo  |9 1305331 
773 0 |t Korzár : denník Košického kraja  |g Roč. XVII., č. 127 (4.6.2014), s. 2  |x 1338-659X 
852 |a KEVKJB  |b KIS3GCP 
999 |c 2622158  |d 2624088